000
00315nam a22001457a 4500
008
230515b ||||| |||| 00| 0 eng d
020
_a
9780136321910
041
_a
eng
080
_a
37
082
_a
37CAR
100
_a
24
101
_a
EDU
245
_a
KEYS TO EFFECTIVE LEARNING
_c
CARTER.C
942
_2
udc
_c
BK
999
_c
59711
_d
59711